00442pab a2200145 454500008004000000100001800040245009600058260000900154300001400163362000800177650002800185650003200213650001800245773003300263180718b2010 xxu||||| |||| 00| 0 eng d aKim, Sangyoon aGlobalization and individuals: the political economy of South Korea's educational expansion c2010 ap.309-28. aMay aEducation - South Korea aGlobalization - South Korea aGlobalization aJournal of Contemporary Asia